TV Debuts: 2001 Quiz Stats

 Plays Quiz Updated Feb 4, 2019

Support Sporcle.
Go Orange.
Score 0/20 Timer 04:00
7 Plays Today
% Correct
Scrubs
91.8%
24
80.8%
Reba
79.4%
Fear Factor
74.1%
The Bernie Mac Show
63.8%
Lizzie McGuire
60.4%
Alias
57.9%
The Fairly Oddparents
55.8%
Smallville
51.8%
The Tick
43.8%
% Correct
My Wife and Kids
39.3%
Six Feet Under
34.4%
Pardon the Interruption
34.2%
The Amazing Race
30.8%
Crossing Jordan
22.8%
Star Trek: Enterprise
20.5%
Grounded for Life
20.5%
Undeclared
16.8%
That's My Bush!
12.8%
The Lone Gunmen
9.6%

You're not logged in!

Compare scores with friends on all Sporcle quizzes.
OR
Log In
Forgot?

From the Vault

5-Letter Ends in 'T'

by sproutcm

If you're ready for a word workout you've come to the right place.
Remove Ads.
Support Sporcle.
Get the best of Sporcle when you Go Orange. This ad-free experience offers more features, more stats, and more fun while also helping to support Sporcle. Thank you for becoming a member.

Show Comments

Extras

Top Quizzes Today


Score Distribution

Your Account Isn't Verified!

In order to create a playlist on Sporcle, you need to verify the email address you used during registration. Go to your Sporcle Settings to finish the process.

Report this User

Report this user for behavior that violates our Community Guidelines.

Details: